zpět

Detail výsledku týmu

The Pub Praha 2 ČT, Praha

Datum a čas kvízu

26.5 Celkem bodů Celkový počet nahraných bodů na tomto kvízu bez doplňovacích otázek.
11. Pořadí na kvízu Konečné umístění týmu na tomto kvízu.

Zaznamenané odpovědi

# Otázka Odpověď Body Výsledky
1. Jedno české město řeší bizarní... D 1
2. Malá Amelie z Kyjeva přiměla v... Ledové království /Frozen 1
3. Ve čtvrtek měla premiéru komed... Betlémské světlo 0
4. Jako by toho ve světle událost... MOL 0
5. Základní část hokejové extrali... HC Energie Karlovy Vary 0
6. V dalším díle této tematické s... panda velká 1
7. Wapiti sibiřský žije v lesích... D 1
8. Tito drobní primáti nejsou poz... nártoun 1
9. Tato původně asijská rostlina... vistárie 0
10. Tento vačnatec je endemitem No... kuskus 1